[Event "Bronshoj Mesterskabet 2023"]
[Site "Bronshoj"]
[Date "2023.03.09"]
[Round "1"]
[White "Gjesme, Marius Enevold"]
[Black "Petersen, Steen Brustrup"]
[Result "1-0"]
[WhiteElo "2083"]
[BlackElo "2064"]
[WhiteFideId "1466488"]
[BlackFideId "1402706"]
[EventDate "2023.03.09"]
[EventType "tourn"]
[EventRounds "9"]
[EventCountry "DEN"]
[SourceTitle "Turneringssystemet"]

1. e4 c5 2. Nf3 e6 3. c3 d5 4. e5 d4 5. Bd3 Bd7 6. O-O Bc6 7. Na3 Ne7 8. cxd4
Ng6 9. Re1 cxd4 10. Nb5 a6 11. Bxg6 hxg6 12. Nbxd4 g5 13. Nxc6 Nxc6 14. h3 g4
15. hxg4 Qd3 16. Qb3 Qxb3 17. axb3 Nb4 18. Re4 Nd3 19. Ne1 Rh1+ 20. Kxh1 Nxf2+
21. Kg1 Nxe4 22. d4 Rc8 23. Bf4 Bb4 24. Nd3 Bd2 25. Bxd2 Nxd2 26. Nc5 b6 27.
Nb7 Nxb3 28. Nd6+ Kd7 29. Rxa6 Rc2 30. Rxb6 Nxd4 31. Nxf7 Ne2+ 32. Kh2 Nf4 33.
Kg3 Nxg2 34. Ng5 Ne1 35. Nxe6 Rg2+ 36. Kf4 Re2 37. Rd6+ Ke7 38. Nxg7 Ng2+ 39.
Kg3 Rxb2 40. Nf5+ Ke8 41. e6 Ne1 42. e7 Rb8 43. g5  1-0

[Event "Bronshoj Mesterskabet 2023"]
[Site "Bronshoj"]
[Date "2023.03.09"]
[Round "1"]
[White "Thuesen, Mogens Henrik"]
[Black "Jacobsen, Mikkel Manosri"]
[Result "1-0"]
[WhiteElo "2143"]
[BlackElo "2297"]
[WhiteFideId "1400878"]
[BlackFideId "1444514"]
[EventDate "2023.03.09"]
[EventType "tourn"]
[EventRounds "9"]
[EventCountry "DEN"]
[SourceTitle "Turneringssystemet"]

1. e4 c6 2. d3 d5 3. Nf3 Bg4 4. h3 Bxf3 5. Qxf3 e6 6. Nc3 Bc5 7. Qg3 Bd4 8. Ne2
dxe4 9. Nxd4 Qxd4 10. Bf4 Qxb2 11. Be5 Qb4+ 12. Kd1 Ne7 13. Bxb8 Nf5 14. Qf4
Qc5 15. Be5 O-O-O 16. Qxe4 Qxf2 17. Be2 Rd5 18. Rf1 Ne3+ 19. Kd2 Nxf1+ 20. Rxf1
Qc5 21. Bxg7 Re8 22. Rxf7 Rd7 23. Rxd7 Kxd7 24. Qd4+ Qd5 25. Bf3 Qxd4 26. Bxd4
b6 27. Be5 Rf8 28. Ke3 Rf5 29. Ke4 a5 30. g4 Rf8 31. h4 a4 32. h5 a3 33. g5 Rf5
34. g6 hxg6 35. h6 Rf7 36. Bg7 g5 37. h7 Rf4+ 38. Ke3 Rh4 39. h8=Q  1-0

[Event "Bronshoj Mesterskabet 2023"]
[Site "Bronshoj"]
[Date "2023.03.09"]
[Round "1"]
[White "Steenstrup, Svend"]
[Black "Jensen, Thore Nyboe"]
[Result "1/2-1/2"]
[WhiteElo "1956"]
[BlackElo "2039"]
[WhiteFideId "1409182"]
[BlackFideId "1405349"]
[EventDate "2023.03.09"]
[EventType "tourn"]
[EventRounds "9"]
[EventCountry "DEN"]
[SourceTitle "Turneringssystemet"]

1. d4 d5 2. c4 e6 3. Nf3 a6 4. g3 dxc4 5. Bg2 c5 6. O-O Nf6 7. Qc2 cxd4 8. Rd1
Nc6 9. e3 e5 10. exd4 exd4 11. Be3 Nb4 12. Qxc4 Be6 13. Qxd4 Bc5 14. Qxd8+ Rxd8
15. Rxd8+ Kxd8 16. Bxc5 Nc2 17. Nd4 Nxa1 18. Nxe6+ fxe6 19. Bxb7 Kc7 20. Bxa6
Rd8 21. Na3 Ne4 22. Be3 e5 23. Nc4 Ra8 24. Bb5 Nc2 25. Bb6+ Kb7 26. Ba5 Nd4 27.
Bd7 Nc6 28. Bf5 Nc5 29. Nd6+ Kb8 30. Bc3 g6 31. Bb1 Kc7 32. Nb5+ Kb6 33. Na3
Na4 34. Bd2 Nxb2 35. Be3+ Nd4 36. Nc2 Kc5 37. Ne1 Kc4 38. Kg2 Ra3 39. h4 Nb5
40. h5 Nc3 41. Bc1 Nxb1 42. Bxb2 Rxa2 43. Bxe5 Nc3 44. hxg6 hxg6 45. Nf3 Ne4
46. Bd4 Nd6 47. Be3 Nf5 48. Bf4 Kd5 49. g4 Ra4 50. gxf5  1/2-1/2

[Event "Bronshoj Mesterskabet 2023"]
[Site "Bronshoj"]
[Date "2023.03.09"]
[Round "1"]
[White "Falkesgaard, Jeppe Hald"]
[Black "Andersen, Soren Mikkel"]
[Result "1-0"]
[WhiteElo "2124"]
[BlackElo "2090"]
[WhiteFideId "1464981"]
[BlackFideId "1411918"]
[EventDate "2023.03.09"]
[EventType "tourn"]
[EventRounds "9"]
[EventCountry "DEN"]
[SourceTitle "Turneringssystemet"]

1. c4 c6 2. g3 d5 3. Nf3 Nf6 4. Bg2 dxc4 5. O-O Nbd7 6. Qc2 Nb6 7. Na3 Qd5 8.
b3 Bf5 9. Qb2 cxb3 10. axb3 g6 11. Nc4 Qd8 12. Nfe5 Bg7 13. d3 O-O 14. e4 Be6
15. Be3 Ng4 16. Bd4 Nxc4 17. dxc4 c5 18. Bc3 Nxe5 19. Bxe5 Bxe5 20. Qxe5 Qb6
21. Qc3 Rfd8 22. f4 Rd4 23. f5 Bd7 24. Rf4 e5 25. Rh4 gxf5 26. Rf1 Qd6 27. Qe3
f4 28. gxf4 Rd3 29. Qe2 Rd2 30. Qf3 exf4 31. Rxf4 Be6 32. Qh5 Rd8 33. e5 Qd3
34. Be4 Qh3 35. Qg5+ Kf8 36. Rh4  1-0

[Event "Bronshoj Mesterskabet 2023"]
[Site "Bronshoj"]
[Date "2023.03.09"]
[Round "1"]
[White "Jarlskov, Daniel Tuk Hartso"]
[Black "Wahlgreen, Noah Krug"]
[Result "1-0"]
[WhiteElo "2023"]
[BlackElo "2034"]
[WhiteFideId "1463896"]
[BlackFideId "1457349"]
[EventDate "2023.03.09"]
[EventType "tourn"]
[EventRounds "9"]
[EventCountry "DEN"]
[SourceTitle "Turneringssystemet"]

1. d4 Nf6 2. c4 g6 3. Nc3 Bg7 4. e4 d6 5. Nf3 O-O 6. Be2 Nfd7 7. O-O e5 8. Bg5
Qe8 9. Nd5 Na6 10. c5 c6 11. Ne7+ Kh8 12. cxd6 exd4 13. Bxa6 bxa6 14. Nxd4 c5
15. Ndc6 Bxb2 16. Rb1 Bg7 17. Qd5 h6 18. Bh4 g5 19. Bxg5 hxg5 20. Qxg5 Nf6 21.
Rb3 Nh7 22. Qh5 Bd7 23. f4 Bxc6 24. Rh3 Bxe4 25. f5 Bd4+ 26. Rf2 Bxf5 27. Qxf5
 1-0

[Event "Bronshoj Mesterskabet 2023"]
[Site "Bronshoj"]
[Date "2023.03.16"]
[Round "2"]
[White "Gjesme, Marius Enevold"]
[Black "Thuesen, Mogens Henrik"]
[Result "1-0"]
[WhiteElo "2083"]
[BlackElo "2143"]
[WhiteFideId "1466488"]
[BlackFideId "1400878"]
[EventDate "2023.03.09"]
[EventType "tourn"]
[EventRounds "9"]
[EventCountry "DEN"]
[SourceTitle "Turneringssystemet"]

1. e4 c5 2. Nf3 e6 3. c3 Nf6 4. e5 Nd5 5. d4 cxd4 6. cxd4 d6 7. Bc4 Nc6 8. O-O
Be7 9. Qe2 O-O 10. Qe4 dxe5 11. dxe5 Nb6 12. Bb3 Nb4 13. Rd1 N4d5 14. Qg4 f5
15. exf6 Rxf6 16. Nc3 Bd7 17. Ne5 Bc6 18. Bg5 Rf5 19. Bh6 Qf8 20. Nxc6 bxc6 21.
Re1 Kh8 22. Be3 Nxe3 23. fxe3 Nd5 24. e4 Bc5+ 25. Kh1 Nf6 26. Qh3 Rh5 27. Qf3
Qd6 28. e5 Rxe5 29. Rxe5 Qxe5 30. Qxc6 Rf8 31. Qxe6 Qf4 32. Qe2 Ng4 33. g3 Nf2+
34. Kg2 Qf5 35. Be6 Qf6 36. Nd5 Qd8 37. Nf4 Qd4 38. h4 Ne4 39. Rd1 Qe5 40. Rd5
Qb8 41. Qxe4 Qxb2+ 42. Kh3  1-0

[Event "Bronshoj Mesterskabet 2023"]
[Site "Bronshoj"]
[Date "2023.03.16"]
[Round "2"]
[White "Jacobsen, Mikkel Manosri"]
[Black "Steenstrup, Svend"]
[Result "1-0"]
[WhiteElo "2297"]
[BlackElo "1956"]
[WhiteFideId "1444514"]
[BlackFideId "1409182"]
[EventDate "2023.03.09"]
[EventType "tourn"]
[EventRounds "9"]
[EventCountry "DEN"]
[SourceTitle "Turneringssystemet"]

1. d4 e6 2. Bf4 Nf6 3. e3 d5 4. Nf3 c5 5. Nbd2 Nc6 6. c3 cxd4 7. exd4 Nh5 8.
Be3 Bd6 9. Ne5 g6 10. Nd3 f5 11. Nf3 f4 12. Bd2 O-O 13. Be2 Ng7 14. g3 fxg3 15.
hxg3 Bd7 16. Bh6 Qf6 17. Ng5 Nxd4 18. Nxh7 Nf3+ 19. Kf1 Qf5 20. Nxf8 Rxf8 21.
Bxf3 Bb5 22. Kg2 Bxd3 23. g4 Qxf3+ 24. Qxf3 Rxf3 25. Kxf3 Be4+ 26. Ke2 Bxh1 27.
Rxh1 Ne8 28. Bg5 e5 29. Rd1 Nc7 30. Kf1 Kf7 31. Bd8 Ke6 32. Bxc7 Bxc7 33. Ke2
b5 34. f3 Bb6 35. Rh1 Kf6 36. Rh7 Ke6 37. Kd3 Kf6 38. b3 d4 39. cxd4 Bxd4 40.
Ke4 Bb6 41. Rd7  1-0

[Event "Bronshoj Mesterskabet 2023"]
[Site "Bronshoj"]
[Date "2023.03.16"]
[Round "2"]
[White "Jensen, Thore Nyboe"]
[Black "Falkesgaard, Jeppe Hald"]
[Result "0-1"]
[WhiteElo "2039"]
[BlackElo "2124"]
[WhiteFideId "1405349"]
[BlackFideId "1464981"]
[EventDate "2023.03.09"]
[EventType "tourn"]
[EventRounds "9"]
[EventCountry "DEN"]
[SourceTitle "Turneringssystemet"]

1. d4 Nf6 2. Nf3 d5 3. c4 c6 4. Nc3 e6 5. e3 Nbd7 6. a3 Bd6 7. b4 O-O 8. c5 Bc7
9. Be2 e5 10. b5 Ne4 11. Nxe4 dxe4 12. Nd2 exd4 13. exd4 Qh4 14. Nf1 f5 15. g3
Qf6 16. Bf4 Ba5+ 17. Bd2 Bxd2+ 18. Nxd2 Qxd4 19. Rc1 Nxc5 20. bxc6 bxc6 21. O-O
Rd8 22. Nb3 Qxd1 23. Rfxd1 Rxd1+ 24. Bxd1 Nd3 25. Rxc6 Bd7 26. Ra6 g6 27. Nd4
f4 28. Bb3+ Kg7 29. Bd5 Rc8 30. Nc6 f3 31. Rxa7 Nc5 32. Ne5 Kf6 33. Ng4+ Bxg4
 0-1

[Event "Bronshoj Mesterskabet 2023"]
[Site "Bronshoj"]
[Date "2023.03.16"]
[Round "2"]
[White "Andersen, Soren Mikkel"]
[Black "Jarlskov, Daniel Tuk Hartso"]
[Result "0-1"]
[WhiteElo "2090"]
[BlackElo "2023"]
[WhiteFideId "1411918"]
[BlackFideId "1463896"]
[EventDate "2023.03.09"]
[EventType "tourn"]
[EventRounds "9"]
[EventCountry "DEN"]
[SourceTitle "Turneringssystemet"]

1. d4 d5 2. c4 e6 3. Nc3 c5 4. cxd5 exd5 5. Nf3 Nc6 6. g3 Nf6 7. Bg2 Be7 8. O-O
O-O 9. Be3 c4 10. Ne5 h6 11. b3 cxb3 12. Qxb3 Na5 13. Qc2 Be6 14. Rac1 Rc8 15.
Qb2 a6 16. Na4 b5 17. Nc5 Bxc5 18. dxc5 Nc4 19. Nxc4 bxc4 20. Rfd1 Qa5 21. Bd4
Rb8 22. Qa1 Rfd8 23. Bxf6 gxf6 24. Qxf6 Qxa2 25. Qxh6 c3 26. Rd4 Qxe2 27. Rh4
Qe5 28. Rh5 f5 29. Rg5+ Kf7 30. Bf3 Rg8 31. Bh5+ Ke7 32. Qh7+ Kf8 33. Rxg8+
Bxg8 34. Qh6+ Ke7 35. Qg5+ Kd7 36. Kf1 d4 37. Be2 Qd5 38. Qg7+ Bf7 39. Bf3 Qxf3
40. Qxf7+ Kc6 41. Qe6+ Kxc5 42. Qe5+ Kc4 43. Rxc3+ Kxc3 44. Qxb8 Qh1+ 45. Ke2
d3+ 46. Ke3 Qe4#  0-1

[Event "Bronshoj Mesterskabet 2023"]
[Site "Bronshoj"]
[Date "2023.03.16"]
[Round "2"]
[White "Petersen, Steen Brustrup"]
[Black "Wahlgreen, Noah Krug"]
[Result "1-0"]
[WhiteElo "2064"]
[BlackElo "2034"]
[WhiteFideId "1402706"]
[BlackFideId "1457349"]
[EventDate "2023.03.09"]
[EventType "tourn"]
[EventRounds "9"]
[EventCountry "DEN"]
[SourceTitle "Turneringssystemet"]

1. e4 c6 2. Nf3 d5 3. exd5 cxd5 4. Ne5 Nc6 5. d4 Qb6 6. Nc3 Nf6 7. Bb5 e6 8.
O-O Be7 9. Qf3 O-O 10. Bxc6 bxc6 11. Na4 Qxd4 12. Nxc6 Qxa4 13. Nxe7+ Kh8 14.
b3 Qe4 15. Qc3 d4 16. Qc5 Ba6 17. Rd1 Bb7 18. f3 Qe2 19. Qxd4 Rfe8 20. Bg5 e5
21. Qd6 Bxf3 22. gxf3 Qxf3 23. Rd3 Qg4+ 24. Rg3 Qe6 25. Qxe6 fxe6 26. Nc6 Rac8
27. Nxe5 Ne4 28. Rg4 Nxg5 29. Rxg5 Rxc2 30. Nc4 Rf8 31. Rg2 Rc3 32. Rf1 Rd8 33.
Rd2  1-0

[Event "Bronshoj Mesterskabet 2023"]
[Site "Bronshoj"]
[Date "2023.03.23"]
[Round "3"]
[White "Thuesen, Mogens Henrik"]
[Black "Petersen, Steen Brustrup"]
[Result "1-0"]
[WhiteElo "2143"]
[BlackElo "2064"]
[WhiteFideId "1400878"]
[BlackFideId "1402706"]
[EventDate "2023.03.09"]
[EventType "tourn"]
[EventRounds "9"]
[EventCountry "DEN"]
[SourceTitle "Turneringssystemet"]

1. e4 c5 2. Nf3 e6 3. d4 cxd4 4. Nxd4 Nf6 5. Nc3 Nc6 6. Nxc6 bxc6 7. e5 Nd5 8.
Ne4 Qc7 9. f4 Qb6 10. c4 Bb4+ 11. Ke2 Ba6 12. Kf3 f5 13. exf6 Nxf6 14. c5 Bxc5
15. Nxc5 Bxf1 16. Na4 Bxg2+ 17. Kxg2 Qb5 18. Re1 Qf5 19. Re5 Qg6+ 20. Rg5 Qe4+
21. Kg1 h6 22. Nc3 Qh7 23. Rg2 Qf5 24. Be3 O-O 25. Qb1 Nh5 26. Qxf5 Rxf5 27.
Rd1 d5 28. Ne2 Rf7 29. Bd4 Rc8 30. Rc1 Kh7 31. Be5 g6 32. Rf2 Nf6 33. Nd4 Ne4
34. Rfc2 c5 35. Nxe6 g5 36. Nxc5 gxf4 37. Nxe4 Rg7+ 38. Ng3  1-0

[Event "Bronshoj Mesterskabet 2023"]
[Site "Bronshoj"]
[Date "2023.03.23"]
[Round "3"]
[White "Falkesgaard, Jeppe Hald"]
[Black "Jacobsen, Mikkel Manosri"]
[Result "0-1"]
[WhiteElo "2124"]
[BlackElo "2297"]
[WhiteFideId "1464981"]
[BlackFideId "1444514"]
[EventDate "2023.03.09"]
[EventType "tourn"]
[EventRounds "9"]
[EventCountry "DEN"]
[SourceTitle "Turneringssystemet"]

1. d4 d5 2. c4 c6 3. Nc3 Nf6 4. e3 Bf5 5. cxd5 cxd5 6. Qb3 Nc6 7. Qxb7 Bd7 8.
Qb3 Rb8 9. Qd1 e5 10. dxe5 Nxe5 11. Be2 Bd6 12. Nf3 Nxf3+ 13. Bxf3 Qc7 14. h3
O-O 15. O-O Rfd8 16. Qd3 Be6 17. Nb5 Bh2+ 18. Kh1 Qe5 19. Nd4 Rbc8 20. b3 Qb8
21. Bb2 Be5 22. Rac1 Bd7 23. Rfd1 h5 24. Ba3 Qb6 25. Nf5 Kh8 26. Be7 Re8 27.
Rxc8 Bxc8 28. Bxf6 Qxf6 29. Nd4 g5 30. Qb5 Rg8 31. Nc6 g4 32. Rxd5 gxf3 33.
Rxe5 fxg2+ 34. Kg1 Qxf2+ 35. Kxf2 g1=Q+ 36. Ke2 Rg2+ 37. Kd3 Ba6 38. Rxh5+ Kg7
 0-1

[Event "Bronshoj Mesterskabet 2023"]
[Site "Bronshoj"]
[Date "2023.03.23"]
[Round "3"]
[White "Jarlskov, Daniel Tuk Hartso"]
[Black "Jensen, Thore Nyboe"]
[Result "1-0"]
[WhiteElo "2023"]
[BlackElo "2039"]
[WhiteFideId "1463896"]
[BlackFideId "1405349"]
[EventDate "2023.03.09"]
[EventType "tourn"]
[EventRounds "9"]
[EventCountry "DEN"]
[SourceTitle "Turneringssystemet"]

1. d4 d5 2. c4 e6 3. Nf3 Nf6 4. g3 c6 5. Bg2 Bd6 6. O-O Nbd7 7. Bf4 Qc7 8. Bxd6
Qxd6 9. Nc3 O-O 10. a4 b6 11. a5 Ba6 12. axb6 axb6 13. cxd5 exd5 14. Re1 Rfe8
15. e4 dxe4 16. Ng5 Bd3 17. Qb3 Nd5 18. Rxa8 Rxa8 19. Ncxe4 Bxe4 20. Bxe4 N7f6
21. Bg2 h6 22. Nf3 Qb4 23. Qxb4 Nxb4 24. Rc1 Ra2 25. Ne5 Rxb2 26. Nxc6 Nxc6 27.
Bxc6 Rd2 28. Rb1 Rxd4 29. Rxb6 Kf8 30. Kg2 Nd7 31. Ra6 Ke7 32. Ba4 Nc5 33. Ra7+
Ke6 34. Bb5 Rd8 35. Bc4+  1-0

[Event "Bronshoj Mesterskabet 2023"]
[Site "Bronshoj"]
[Date "2023.03.23"]
[Round "3"]
[White "Wahlgreen, Noah Krug"]
[Black "Andersen, Soren Mikkel"]
[Result "1-0"]
[WhiteElo "2034"]
[BlackElo "2090"]
[WhiteFideId "1457349"]
[BlackFideId "1411918"]
[EventDate "2023.03.09"]
[EventType "tourn"]
[EventRounds "9"]
[EventCountry "DEN"]
[SourceTitle "Turneringssystemet"]

1. e4 c5 2. Nf3 d6 3. d4 cxd4 4. Nxd4 Nf6 5. Nc3 a6 6. f3 e6 7. Be3 b5 8. a3
Nbd7 9. g4 Nb6 10. Qd2 Bb7 11. O-O-O Be7 12. h4 d5 13. g5 Nfd7 14. exd5 Nxd5
15. Nxd5 Bxd5 16. Nf5 O-O 17. Rg1 Ne5 18. Qd4 f6 19. Nxg7 Nxf3 20. Nxe6 Bxe6
21. Qe4 Qc8 22. Bd3 f5 23. Qxf3 Bc5 24. g6 f4 25. gxh7+ Kh8 26. Bxf4 Bd4 27.
Qe4 Bf6 28. Rde1 Bc4 29. Be5 Qe6 30. Rg8+  1-0

[Event "Bronshoj Mesterskabet 2023"]
[Site "Bronshoj"]
[Date "2023.03.30"]
[Round "4"]
[White "Gjesme, Marius Enevold"]
[Black "Falkesgaard, Jeppe Hald"]
[Result "1-0"]
[WhiteElo "2083"]
[BlackElo "2124"]
[WhiteFideId "1466488"]
[BlackFideId "1464981"]
[EventDate "2023.03.09"]
[EventType "tourn"]
[EventRounds "9"]
[EventCountry "DEN"]
[SourceTitle "Turneringssystemet"]

1. e4 c5 2. Nf3 e6 3. c3 Nf6 4. e5 Nd5 5. d4 cxd4 6. cxd4 Nc6 7. Bc4 d6 8. O-O
Be7 9. Qe2 O-O 10. Nc3 Nxc3 11. bxc3 dxe5 12. dxe5 Qa5 13. Bd2 Rd8 14. Rfe1 b6
15. Qe4 Bb7 16. Ng5 g6 17. Qf3 Rf8 18. Qh3 Bxg5 19. Bxg5 Nxe5 20. Bf6 Nd7 21.
Be7 Rfe8 22. Rxe6 Rac8 23. Bb4 Qa4 24. Bb3 Qb5 25. Rd6 Ne5 26. f4 Nc4 27. a4
Qa6 28. Rd4 b5 29. f5 Re2 30. fxg6 hxg6 31. Rg4 Qb6+ 32. Kh1 Rce8 33. Qh4 Qe3
34. h3 Qd2 35. Rg1 Qd3 36. axb5 Ne5 37. Rg3 Qf5 38. Qg5 Qxg5 39. Rxg5 Kg7 40.
Bd1 Rh8 41. Rg3 Rd2 42. Kh2 Rhd8 43. Re3 Nc4 44. Ree1 Nb2 45. Bb3 Nd3 46. Re7
Bd5 47. Ba5 Bxb3 48. Bxd8 Bc4 49. b6 Nf4 50. Bc7 Nd5 51. b7  1-0

[Event "Bronshoj Mesterskabet 2023"]
[Site "Bronshoj"]
[Date "2023.03.30"]
[Round "4"]
[White "Jacobsen, Mikkel Manosri"]
[Black "Jarlskov, Daniel Tuk Hartso"]
[Result "1-0"]
[WhiteElo "2297"]
[BlackElo "2023"]
[WhiteFideId "1444514"]
[BlackFideId "1463896"]
[EventDate "2023.03.09"]
[EventType "tourn"]
[EventRounds "9"]
[EventCountry "DEN"]
[SourceTitle "Turneringssystemet"]

1. c4 e6 2. g3 d5 3. Bg2 Nf6 4. Nf3 Be7 5. O-O O-O 6. b3 c5 7. cxd5 exd5 8. d4
Nc6 9. Bb2 Be6 10. Nc3 Rc8 11. dxc5 Bxc5 12. Rc1 Be7 13. Nd4 Qa5 14. Nxe6 fxe6
15. Bh3 Nd8 16. Nxd5 Nxd5 17. Rxc8 Bc5 18. Bd4 Bxd4 19. Qxd4 Nc3 20. Qxc3  1-0

[Event "Bronshoj Mesterskabet 2023"]
[Site "Bronshoj"]
[Date "2023.03.30"]
[Round "4"]
[White "Jensen, Thore Nyboe"]
[Black "Wahlgreen, Noah Krug"]
[Result "0-1"]
[WhiteElo "2039"]
[BlackElo "2034"]
[WhiteFideId "1405349"]
[BlackFideId "1457349"]
[EventDate "2023.03.09"]
[EventType "tourn"]
[EventRounds "9"]
[EventCountry "DEN"]
[SourceTitle "Turneringssystemet"]

1. e4 c6 2. d4 d5 3. Nc3 dxe4 4. Nxe4 Nf6 5. Ng3 c5 6. Nf3 Nc6 7. Be3 Bg4 8.
Be2 cxd4 9. Nxd4 Bxe2 10. Ngxe2 Nxd4 11. Nxd4 e6 12. Qd3 Qa5+ 13. c3 Rd8 14.
Qc4 Be7 15. Nb3 Qd5 16. Qa4+ Rd7 17. O-O Bd6 18. g3 Qh5 19. Rfd1 O-O 20. Nc5 b5
21. Qxb5 Bxg3 22. Rxd7 Qxh2+ 23. Kf1 Qh1+ 24. Ke2 Qxa1 25. Rd1 Qxa2 26. fxg3
Nd5 27. Bd4 Nb6 28. Nd3 Nc4 29. Kf3 Nd6 30. Nf4 Nxb5  0-1

[Event "Bronshoj Mesterskabet 2023"]
[Site "Bronshoj"]
[Date "2023.03.30"]
[Round "4"]
[White "Petersen, Steen Brustrup"]
[Black "Andersen, Soren Mikkel"]
[Result "1/2-1/2"]
[WhiteElo "2064"]
[BlackElo "2090"]
[WhiteFideId "1402706"]
[BlackFideId "1411918"]
[EventDate "2023.03.09"]
[EventType "tourn"]
[EventRounds "9"]
[EventCountry "DEN"]
[SourceTitle "Turneringssystemet"]

1. e4 c5 2. Nc3 d6 3. d4 cxd4 4. Qxd4 Nc6 5. Bb5 Nf6 6. e5 dxe5 7. Qxd8+ Kxd8
8. Nf3 Be6 9. Bxc6 bxc6 10. Nxe5 Kc7 11. Bf4 Nh5 12. Be3 g6 13. Na4 Bg7 14. Nd3
Bf5 15. O-O-O Rhd8 16. Ndc5 e5 17. Na6+ Kc8 18. Rxd8+ Kxd8 19. Rd1+ Kc8 20. f3
Nf4 21. g4 Be6 22. N4c5 Bc4 23. Rd6 Bd5 24. Rd7 Bf8 25. Rc7+ Kd8 26. Rd7+ Kc8
27. Rc7+ Kd8 28. Rd7+  1/2-1/2

[Event "Bronshoj Mesterskabet 2023"]
[Site "Bronshoj"]
[Date "2023.04.20"]
[Round "5"]
[White "Jarlskov, Daniel Tuk Hartso"]
[Black "Gjesme, Marius Enevold"]
[Result "1-0"]
[WhiteElo "2023"]
[BlackElo "2083"]
[WhiteFideId "1463896"]
[BlackFideId "1466488"]
[EventDate "2023.03.09"]
[EventType "tourn"]
[EventRounds "9"]
[EventCountry "DEN"]
[SourceTitle "Turneringssystemet"]

1. d4 Nf6 2. c4 e6 3. Nf3 d5 4. g3 c6 5. Bg2 dxc4 6. O-O b5 7. a4 Bb7 8. b3
cxb3 9. Qxb3 a6 10. Nc3 Nbd7 11. Ne5 Qc7 12. axb5 Nxe5 13. dxe5 Nd7 14. Bf4
cxb5 15. Nxb5 axb5 16. Rxa8+ Bxa8 17. Bxa8 Qb6 18. Rd1 Bc5 19. Qd3 Nb8 20. Bc6+
Ke7 21. Bxb5 h6 22. Kg2 Rd8 23. Qxd8+ Qxd8 24. Rxd8 Kxd8 25. g4 Nd7 26. h4 Bd4
27. Bxd7 Kxd7 28. Kf3 Kc6 29. e3 Bc3 30. Ke4 Be1 31. Bg3 Kd7 32. Kd3 Kc6 33.
Ke2 Bc3 34. f4 Kd5 35. Kd3 Ba5 36. h5 Bd8 37. Be1 Be7 38. Ba5 Kc6 39. Ke4 Kd7
40. Bc3 Bc5 41. f5 Ke7 42. Bd4 Bb4 43. Kf4 Ba3 44. f6+ Kf8 45. fxg7+ Kxg7 46.
Bb6 Be7 47. Bc7 Bh4 48. Bd6 Bd8 49. Bc5 Bh4 50. Ke4 Bd8 51. Kd4 Bh4 52. Bd6 Bg5
53. e4 Bh4 54. Kc5 Kg8 55. Kc6 Bg5 56. Kd7 Bf4 57. Ke8 Bg5 58. Be7 Bf4 59. Kd7
Kg7 60. Kd6 Kg8 61. Bd8 Be3 62. Bf6 Bd2 63. Kc5 Be3+ 64. Kc4 Bd2 65. Kd3 Bc1
66. Ke2 Bf4 67. Kf3 Bd2 68. Kg3 Be3 69. Kh4 Bf2+ 70. Kh3 Be3 71. Kg3 Bd2 72.
Kf3 Bc1 73. Bh4 Bd2 74. Bg3 Bc3 75. Bf4 Kg7 76. Ke3 Bb2 77. Kd3 Kh7 78. Kc4 Kg7
79. Kc5 Ba3+ 80. Kc6 Bf8 81. Kd7 Kg8 82. g5 hxg5 83. Bxg5 Bg7 84. Bf4 Bh8 85.
Ke8 Bg7 86. h6 Bxe5 87. Bxe5 f5 88. exf5 exf5 89. Bf4 Kh7 90. Kf7 Kh8 91. Kg6
 1-0

[Event "Bronshoj Mesterskabet 2023"]
[Site "Bronshoj"]
[Date "2023.04.20"]
[Round "5"]
[White "Falkesgaard, Jeppe Hald"]
[Black "Thuesen, Mogens Henrik"]
[Result "1-0"]
[WhiteElo "2124"]
[BlackElo "2143"]
[WhiteFideId "1464981"]
[BlackFideId "1400878"]
[EventDate "2023.03.09"]
[EventType "tourn"]
[EventRounds "9"]
[EventCountry "DEN"]
[SourceTitle "Turneringssystemet"]

1. c4 Nf6 2. Nc3 g6 3. e4 d6 4. d4 Bg7 5. h3 O-O 6. Be3 e5 7. d5 Nbd7 8. g4 Nc5
9. f3 a5 10. Nge2 c6 11. Qd2 cxd5 12. cxd5 Bd7 13. Ng3 a4 14. h4 Qa5 15. h5 a3
16. b4 Qxb4 17. Rb1 Qa5 18. h6 Bh8 19. Nf5 gxf5 20. Bxc5 f4 21. Bb6  1-0

[Event "Bronshoj Mesterskabet 2023"]
[Site "Bronshoj"]
[Date "2023.04.20"]
[Round "5"]
[White "Steenstrup, Svend"]
[Black "Petersen, Steen Brustrup"]
[Result "0-1"]
[WhiteElo "1956"]
[BlackElo "2064"]
[WhiteFideId "1409182"]
[BlackFideId "1402706"]
[EventDate "2023.03.09"]
[EventType "tourn"]
[EventRounds "9"]
[EventCountry "DEN"]
[SourceTitle "Turneringssystemet"]

1. c4 Nf6 2. g3 g6 3. Bg2 Bg7 4. Nc3 O-O 5. d4 d6 6. Nf3 Nbd7 7. O-O e5 8. Qc2
c6 9. d5 a5 10. Rd1 Qc7 11. h3 Nb6 12. c5 Nbxd5 13. cxd6 Qxd6 14. e4 Nb4 15.
Rxd6 Nxc2 16. Rb1 Ne8 17. Rd8 Nc7 18. Rxf8+ Kxf8 19. Na4 Be6 20. b3 Rd8 21. Bd2
Ra8 22. Nb6 Ra6 23. Bf1 Rxb6 24. Bxa5 Ra6 25. Bxc7 Rxa2 26. Nxe5 Nd4 27. Nc4
Nf3+ 28. Kg2 Bd4 29. Ne3 Ng5 30. Bf4 Nxe4 31. Bd3 Rxf2+ 32. Kg1 Rxf4 33. gxf4
Bxe3+ 34. Kg2 Bxh3+ 35. Kf3 Nd2+ 36. Kxe3 Nxb1 37. Bxb1 Bf5  0-1

[Event "Bronshoj Mesterskabet 2023"]
[Site "Bronshoj"]
[Date "2023.04.20"]
[Round "5"]
[White "Wahlgreen, Noah Krug"]
[Black "Jacobsen, Mikkel Manosri"]
[Result "0-1"]
[WhiteElo "2034"]
[BlackElo "2297"]
[WhiteFideId "1457349"]
[BlackFideId "1444514"]
[EventDate "2023.03.09"]
[EventType "tourn"]
[EventRounds "9"]
[EventCountry "DEN"]
[SourceTitle "Turneringssystemet"]

1. e4 c5 2. Nf3 Nc6 3. d4 cxd4 4. Nxd4 e5 5. Nb5 d6 6. N1c3 a6 7. Na3 Be7 8.
Be3 Nf6 9. Nd5 Nxd5 10. exd5 Nd4 11. Bxd4 exd4 12. Qxd4 O-O 13. c3 Bf6 14. Qd2
Re8+ 15. Kd1 b5 16. Bd3 Bb7 17. Re1 Qd7 18. Be4 Qg4+ 19. f3 Qh4 20. g3 Qh5 21.
Re2 g6 22. Qd3 Bg7 23. f4 b4 24. Nc4 bxc3 25. bxc3 Rxe4 26. Qxe4 Bxd5 27. g4
Bxe4 28. gxh5 Bf3 29. Kd2 Bxc3+ 30. Kxc3 Bxe2 31. Nxd6 Bxh5 32. Kd4 Kg7 33. Rb1
Bg4 34. Ke5 Ra7 35. Ne8+ Kf8 36. Nf6 Re7+ 37. Kd4 Bf5 38. Rb6 a5 39. Nxh7+ Kg7
40. Ng5 f6 41. Nf3 Re4+ 42. Kd5 Rxf4 43. Nd4 Rf2 44. a4 Rxh2 45. Nxf5+ gxf5 46.
Rb5 f4 47. Kd4 Re2 48. Rf5 Kg6 49. Rxf4 Kg5 50. Rf1 Ra2 51. Rg1+ Kf5 52. Rf1+
Ke6 53. Re1+ Kd6 54. Ke4 Ke6 55. Kf4+ Kd5 56. Rf1 Rxa4+ 57. Kf5 Rd4 58. Kxf6 a4
59. Rf5+ Kc4 60. Ra5 Kb3 61. Ke5 Rh4 62. Ra8 a3 63. Rb8+ Rb4 64. Rh8 a2 65. Rh1
Ka3 66. Rh3+ Ka4  0-1

[Event "Bronshoj Mesterskabet 2023"]
[Site "Bronshoj"]
[Date "2023.04.20"]
[Round "5"]
[White "Andersen, Soren Mikkel"]
[Black "Jensen, Thore Nyboe"]
[Result "1-0"]
[WhiteElo "2090"]
[BlackElo "2039"]
[WhiteFideId "1411918"]
[BlackFideId "1405349"]
[EventDate "2023.03.09"]
[EventType "tourn"]
[EventRounds "9"]
[EventCountry "DEN"]
[SourceTitle "Turneringssystemet"]

1. d4 d5 2. c4 e6 3. Nc3 a6 4. cxd5 exd5 5. Nf3 Nf6 6. Bg5 Be7 7. e3 Nbd7 8.
Qc2 O-O 9. Bd3 Re8 10. Ne5 Nf8 11. O-O Ng4 12. Bf4 Nxe5 13. Bxe5 Be6 14. b4 c6
15. Na4 Bd6 16. Bxd6 Qxd6 17. Rab1 g6 18. Nc5 Re7 19. Qc3 f5 20. a4 f4 21. e4
Rf7 22. e5 Qe7 23. b5 axb5 24. axb5 f3 25. g3 Qg5 26. bxc6 Bh3 27. cxb7 Rb8 28.
Rfe1 Ne6 29. Na6 Rbxb7 30. Rxb7 Rxb7 31. Qc8+  1-0